000 00770nas a2200253 4500
001 BR9500540
003 BR-BrBNA
005 20231205093829.0
007 ta
008 230509b bl.|||p| |||| 00| 00por d
040 _aBR-BrBNA
_bpor
_cBiblioteca Nacional de Agricultura
041 _a(Pt)
072 _aL52
100 1 _aCampos Neto, O.
100 1 _aRamos, A.A.
100 1 _aEscobar, M.J.
245 1 _aAvaliacao da somatotropina (BST)em vacas leiteiras
650 _aGado Leiteiro
650 _aHormonio
650 _aRegulador de Crescimento
773 0 _tArquivo Brasileiro de Medicina Veterinaria e Zootecnia (Brazil)
_xISSN 0102-0935
_g(Oct 1992), v. 44(5) p. 419-429
_wBR9500540
909 _a202311
_bLúcia
_c55
_dLúcia Elande
942 _2AGRIS
_n0
_cANA
999 _c140617
_d140617